Eines per a una gestió municipal cap a la sostenibilitat : la pràctica diària de l'Agenda 21 Local / [direcció: Vicenç Sureda] la pràctica diària de l'Agenda 21 Local / [direcció:
ISBN:
84-7794-567-5
Descripción Física:
222 p. : gràf. ; 24 cm
Otros Autores:
Sureda, Vicenç, 1949-2022
MARC
| LEADER | 00000nam a2200000Ia 4500 | ||
|---|---|---|---|
| 001 | 12103 | ||
| 008 | 160829s1998 xx 000 0 cat d | ||
| 020 | |a 84-7794-567-5 | ||
| 080 | |a C-1-275 | ||
| 245 | |a Eines per a una gestió municipal cap a la sostenibilitat : |b la pràctica diària de l'Agenda 21 Local / [direcció: |b Vicenç Sureda] | ||
| 260 | |a Barcelona : |b Diputació de Barcelona, Àrea de Medi Ambient, |c 1998 | ||
| 300 | |a 222 p. : |b gràf. ; |c 24 cm | ||
| 590 | |a A la portada: Xarxa de Ciutats i Pobles cap a la Sostenibilitat. | ||
| 590 | |a Bibliografia | ||
| 650 | 0 | |a Gestió ambiental |9 37534 | |
| 650 | 0 | |a Desenvolupament sostenible |9 23028 | |
| 700 | 1 | |a Sureda, Vicenç, |d 1949-2022 |e director editorial |9 55316 | |
| 710 | |a Barcelona (Catalunya : Província). |b Àrea de Medi Ambient |9 52987 | ||
| 901 | |a Arxiu | ||
| 942 | |n 1 |2 udc | ||
| 952 | |0 0 |1 0 |4 0 |6 C1275 |7 1 |9 47917 |a Arxiu |b Arxiu |d 2016-12-01 |l 0 |o C-1-275 |p 12103 |r 2016-12-01 00:00:00 |w 2016-12-01 |y ARXIU | ||
| 999 | |c 51717 |d 51717 | ||